000
00407nam a2200169Ia 4500
008
090711s9999 xx 000 0 und d
082
_b
54617
100
_a
थोरे अशोक
245
_a
सौदा
260
_c
1986
300
_a
204
600
_a
थोरे अशोक
630
_a
सौदा
700
_a
थोरे अशोक
730
_a
सौदा
942
_c
BOOK
999
_c
302586
_d
302586